<?xml version="1.0" encoding="UTF-8"?>
<marc:record xmlns:marc="http://www.loc.gov/MARC21/slim">
   <marc:leader>00000nam a2200000 a 4500</marc:leader>
   <marc:datafield ind1="1" ind2=" " tag="100">
      <marc:subfield code="a">Redditt, Paul L.</marc:subfield>
      <marc:subfield code="4">ctb</marc:subfield>
      <marc:subfield code="e">Mitwirkende/-r</marc:subfield>
   </marc:datafield>
   <marc:datafield ind1=" " ind2=" " tag="653">
      <marc:subfield code="a">ReligionswissenschaftlerInnen</marc:subfield>
   </marc:datafield>
   <marc:datafield ind1=" " ind2=" " tag="653">
      <marc:subfield code="a">ReligionspädagogInnen; theologisch</marc:subfield>
   </marc:datafield>
   <marc:datafield ind1=" " ind2=" " tag="653">
      <marc:subfield code="a">religions- und kulturwissenschaftlich Interessierte.</marc:subfield>
   </marc:datafield>
   <marc:datafield ind1=" " ind2=" " tag="653">
      <marc:subfield code="a">Deuterosacharja</marc:subfield>
   </marc:datafield>
   <marc:datafield ind1=" " ind2=" " tag="653">
      <marc:subfield code="a">Diachronie</marc:subfield>
   </marc:datafield>
   <marc:datafield ind1=" " ind2=" " tag="653">
      <marc:subfield code="a">Exil</marc:subfield>
   </marc:datafield>
   <marc:datafield ind1=" " ind2=" " tag="653">
      <marc:subfield code="a">Rückkehr aus dem</marc:subfield>
   </marc:datafield>
   <marc:datafield ind1=" " ind2=" " tag="653">
      <marc:subfield code="a">Jerusalem</marc:subfield>
   </marc:datafield>
   <marc:datafield ind1=" " ind2=" " tag="653">
      <marc:subfield code="a">Judäer</marc:subfield>
   </marc:datafield>
   <marc:datafield ind1=" " ind2=" " tag="653">
      <marc:subfield code="a">Philister</marc:subfield>
   </marc:datafield>
   <marc:datafield ind1=" " ind2=" " tag="653">
      <marc:subfield code="a">Sacharja</marc:subfield>
   </marc:datafield>
   <marc:datafield ind1=" " ind2=" " tag="653">
      <marc:subfield code="a">Synchronie</marc:subfield>
   </marc:datafield>
   <marc:datafield ind1=" " ind2=" " tag="653">
      <marc:subfield code="a">Zechariah</marc:subfield>
   </marc:datafield>
   <marc:datafield ind1=" " ind2=" " tag="653">
      <marc:subfield code="a">Softcover / Religion/Theologie</marc:subfield>
   </marc:datafield>
   <marc:datafield ind1="0" ind2="0" tag="245">
      <marc:subfield code="a">Internationaler exegetischer Kommentar zum Alten Testament</marc:subfield>
   </marc:datafield>
   <marc:datafield ind1="0" ind2="0" tag="245">
      <marc:subfield code="c">hsrg. von Walter Dietrich ...</marc:subfield>
   </marc:datafield>
   <marc:datafield ind1=" " ind2="1" tag="264">
      <marc:subfield code="a">Stuttgart</marc:subfield>
      <marc:subfield code="b">Kohlhammer</marc:subfield>
      <marc:subfield code="c">2014</marc:subfield>
   </marc:datafield>
   <marc:datafield ind1="1" ind2=" " tag="520">
      <marc:subfield code="a">Angaben aus der Verlagsmeldung

Sacharja 9-14 : Deutschsprachige Übersetzungsausgabe / von Paul L Redditt

Der Kommentar legt dar, dass Sacharja 9-14 aus vier Sammlungen eschatologischer Hoffnungstexte (9,1-17; 10,3b-12; 12,1-4a.5.8-9; und 14:1-13.14b-21) besteht. Die ersten drei Sammlungen gehen auf die erste Hälfte der persischen Epoche zurück, die vierte (Kap. 14) scheint jüngeren Ursprungs und ist insgesamt wesentlich stärker pessimistisch geprägt. Hinzu traten dann eine pro-judäische, Jerusalem-kritische Schicht (12,6-7; 12,10-13,6) und die Hirtentexte (11), die im Widerspruch zu den Hoffnungstexten der ersten beiden Sammlungen stehen. Diese letzte Schicht ist vermutlich nach Nehemia zu datieren, d. h. in eine Zeit, in der Jerusalem wieder so weit erstarkt war, dass es den Zorn von außen stehenden Judäern hervorrufen konnte. Es ist anzunehmen, dass eine Endredaktion von Sacharja 9-14 die vier Sammlungen zusammengestellt und sie mit 12,6-7; 12,10-13,6 und den Hirtentexten ergänzt hat.
</marc:subfield>
   </marc:datafield>
   <marc:datafield ind1=" " ind2=" " tag="020">
      <marc:subfield code="a">9783170225701</marc:subfield>
      <marc:subfield code="9">9783170225701</marc:subfield>
   </marc:datafield>
   <marc:datafield ind1=" " ind2=" " tag="020">
      <marc:subfield code="a">3170225707</marc:subfield>
      <marc:subfield code="9">3170225707</marc:subfield>
   </marc:datafield>
   <marc:datafield ind1=" " ind2=" " tag="041">
      <marc:subfield code="a">ger</marc:subfield>
   </marc:datafield>
   <marc:datafield ind1=" " ind2=" " tag="300">
      <marc:subfield code="a">188 S.</marc:subfield>
   </marc:datafield>
</marc:record>
